000
00313nam a22001337a 4500
003
SGT
082
_a
617.645
_b
D25G
100
_a
Gogne, Minakshi
245
_a
Dental neglect in Children - An obscure enigma
260
_b
SGT University
_c
2025
300
_a
57
650
_a
Pediatric Dentistry
942
_2
ddc
_c
TH
999
_c
30355
_d
30355